000 00711nam a2200193Ia 4500
008 151121s9999||||xx |||||||||||||| ||und||
082 _a097/
082 _bHNW-53476
100 _aप्रकाशक
245 _aनमन नटवरा -महाराष्ट्र टाईम्स
260 _b"सुमंगल पब्लिशिंग कंपनी, मुंबई।"
260 _c--
300 _a0
600 _aप्रकाशक
630 _aनमन नटवरा -महाराष्ट्र टाईम्स
700 _aप्रकाशक
730 _aनमन नटवरा -महाराष्ट्र टाईम्स
942 _cBOOK
999 _c1237093
_d1237090